|
|
|
|
| LEADER |
00767nab a2200205 i 4500 |
| 001 |
tisza15296 |
| 005 |
20200330153826.0 |
| 008 |
170208s1993 hu o 0|| hun d |
| 022 |
|
|
|a 0133-1167
|
| 040 |
|
|
|a SZTE Tiszatáj Archívum
|b hun
|
| 041 |
|
|
|a hun
|
| 100 |
1 |
|
|a Erdélyi Erzsébet
|
| 245 |
1 |
0 |
|a „...izgalmasan kezdődött eszmélésem a szülőföldemen"
|h [elektronikus dokumentum] :
|b beszélgetés Gion Nándorral /
|c Erdélyi Erzsébet
|
| 260 |
|
|
|c 1993
|
| 300 |
|
|
|a 10-13
|
| 490 |
0 |
|
|a Tiszatáj
|v 47 No. 5
|
| 695 |
|
|
|a Magyar irodalom - Vajdaság - 20. sz. - visszaemlékezés - riport, Gion Nándor
|
| 700 |
0 |
1 |
|a Gion Nándor
|
| 700 |
0 |
1 |
|a Nobel Iván
|e aut
|
| 856 |
4 |
0 |
|u http://tiszataj.bibl.u-szeged.hu/15296/1/tiszataj_1993_005_010-013.pdf
|z Dokumentum-elérés
|